Untapped rubber holdings: A lost economic opportunity for rubber growers (Record no. 49749)

MARC details
000 -LEADER
fixed length control field 00464nam a2200181Ia 4500
100 ## - MAIN ENTRY--AUTHOR NAME
Personal name Jacob J
245 #0 - TITLE STATEMENT
Title Untapped rubber holdings: A lost economic opportunity for rubber growers
260 ## - PUBLICATION, DISTRIBUTION, ETC. (IMPRINT)
Name of publisher Rubber Science
Year of publication 2020
300 ## - PHYSICAL DESCRIPTION
Number of Pages 329-334
650 ## - SUBJECT ADDED ENTRY--TOPICAL TERM
Topical Term BCR
650 ## - SUBJECT ADDED ENTRY--TOPICAL TERM
Topical Term Lean season
650 ## - SUBJECT ADDED ENTRY--TOPICAL TERM
Topical Term Net revenue
650 ## - SUBJECT ADDED ENTRY--TOPICAL TERM
Topical Term Peak season
650 ## - SUBJECT ADDED ENTRY--TOPICAL TERM
Topical Term Untapped holdings
700 ## - ADDED ENTRY--PERSONAL NAME
Personal name Chandy B
942 ## - ADDED ENTRY ELEMENTS (KOHA)
Koha item type Bibliography STAF
Holdings
Withdrawn status Lost status Damaged status Not for loan Home library Current library Shelving location Date acquired Serial Enumeration / chronology Koha item type
      Bibliography RRII Library RRII Library Economics 01/01/2021 Volume 33, Issue 3 Bibliography STAF